000 00388nam a22001697a 4500
003 UA-OsUOA
001 2795
007 ta
008 20050721b un ||||| |||| 00| 0 ukr d
100 _aAndrews
700 _aBart
942 _cBK
040 _aUA-OsUOA
_cUA-OsUOA
_dUA-OsUOA
245 _aLucy & Ricky & Fred & Ethel. The story of I love L
_bArt
955 _a2
650 7 _2UDC
999 _c288957
_d288957